[Event "ARG-ch sf 98th"]
[Site "Buenos Aires"]
[Date "2023.05.04"]
[Round "6"]
[White "Besso, Javier Alejandro"]
[Black "Ortiz, Francisco"]
[Result "1/2-1/2"]
[WhiteElo "1763"]
[BlackElo "2024"]
[PlyCount "69"]
[EventDate "2023.04.29"]
[EventType "swiss"]
[EventRounds "9"]
[EventCountry "ARG"]
[SourceTitle "CBM 214 Extra"]
[Source "ChessBase"]
[SourceDate "2023.07.31"]
[SourceVersion "1"]
[SourceVersionDate "2023.07.31"]
[SourceQuality "1"]

1. d4 Nf6 2. c4 g6 3. Nc3 Bg7 4. e4 d6 5. f4 0-0 6. Nf3 c5 7. d5 e6 8. dxe6 fxe6 9. Bd3 Nc6 10. 0-0 Nd4 11. Nxd4 cxd4 12. Nb5 e5 13. fxe5 dxe5 14. c5 Be6 15. Qc2 Kh8 16. Bg5 h6 17. Bxf6 Rxf6 18. Nd6 Rxf1+ 19. Rxf1 Qc7 20. b4 Rf8 21. Bc4 Rxf1+ 22. Kxf1 Qe7 23. Bxe6 Qxe6 24. Qf2 Kg8 25. Qe2 Kh7 26. Nxb7 a6 27. Qf2 Qe7 28. h4 h5 29. g3 Qd7 30. Kg2 Qa4 31. Nd6 Qa3 32. Nf7 Qxb4 33. Ng5+ Kh6 34. Nf7+ Kh7 35. Ng5+ 1/2-1/2

[Event "General Pico Anconetani Memorial 5th"]
[Site "General Pico"]
[Date "2022.08.27"]
[Round "3"]
[White "Arambire, Roberto"]
[Black "Besso, Javier Alejandro"]
[Result "0-1"]
[WhiteElo "1328"]
[BlackElo "1801"]
[PlyCount "62"]
[EventDate "2022.08.26"]
[EventType "swiss"]
[EventRounds "7"]
[EventCountry "ARG"]
[SourceTitle "EXT 2023"]
[Source "ChessBase"]
[SourceDate "2022.10.05"]
[SourceVersion "1"]
[SourceVersionDate "2022.10.05"]
[SourceQuality "1"]

1. d4 Nf6 2. Bf4 d5 3. e3 c5 4. c3 Nc6 5. Nf3 Qb6 6. Qb3 c4 7. Qc2 Bf5 8. Qc1 h6 9. Be2 e6 10. Nbd2 Be7 11. b3 cxb3 12. axb3 0-0 13. c4 dxc4 14. bxc4 Rfc8 15. g4 Bg6 16. Ne5 Nxe5 17. Bxe5 Nd7 18. Bf4 Bb4 19. 0-0 Qd8 20. Qb2 a5 21. Nf3 Nf6 22. Ne5 Bh7 23. c5 Nd5 24. Rfc1 Nxf4 25. exf4 Be4 26. Nc4 Rc6 27. Nxa5 Bxa5 28. Qxb7 Rb8 29. Qxb8 Qxb8 30. Rxa5 Qxf4 31. Ra8+ Kh7 0-1

[Event "General Pico op 08"]
[Site "General Pico"]
[Date "2021.08.21"]
[Round "3"]
[White "Besso, Javier Alejandro"]
[Black "Salazar, Arturo"]
[Result "1-0"]
[WhiteElo "1876"]
[BlackElo "1653"]
[PlyCount "95"]
[EventDate "2021.08.20"]
[EventType "swiss"]
[EventRounds "6"]
[EventCountry "ARG"]
[SourceTitle "EXT 2023"]
[Source "ChessBase"]
[SourceDate "2022.10.05"]
[SourceVersion "1"]
[SourceVersionDate "2022.10.05"]
[SourceQuality "1"]

1. d4 Nf6 2. c4 e5 3. dxe5 Ng4 4. Bf4 Nc6 5. Nf3 Bb4+ 6. Nc3 Bxc3+ 7. bxc3 Qe7 8. Qd5 Qa3 9. Qd3 Qc5 10. e3 Ngxe5 11. Nxe5 Nxe5 12. Qd4 Qxd4 13. cxd4 Nc6 14. Bxc7 0-0 15. Be2 Re8 16. Rd1 b6 17. 0-0 Ba6 18. Rfe1 Rac8 19. Bd6 Na5 20. c5 Bxe2 21. Rxe2 Nc4 22. Bg3 bxc5 23. dxc5 Rxc5 24. Rxd7 Nb2 25. h3 Na4 26. Rxa7 Rc4 27. Kh2 f5 28. Rd2 Nc5 29. Rc7 Ne4 30. Rdd7 Rxc7 31. Rxc7 Ra8 32. Rc2 Ra3 33. Be5 Kf7 34. Bd4 h5 35. f3 Nd6 36. Rc7+ Ke6 37. Ra7 Rxa7 38. Bxa7 g5 39. Kg3 Nb5 40. Bc5 Nc3 41. a3 g4 42. Bb4 Nd5 43. hxg4 hxg4 44. e4 Nf6 45. Bc3 Nd7 46. fxg4 fxg4 47. Kxg4 Nc5 48. Kf3 1-0

[Event "General Pico op 08"]
[Site "General Pico"]
[Date "2021.08.20"]
[Round "2"]
[White "Lima, Joaquin"]
[Black "Besso, Javier Alejandro"]
[Result "1-0"]
[WhiteElo "1978"]
[BlackElo "1876"]
[PlyCount "55"]
[EventDate "2021.08.20"]
[EventType "swiss"]
[EventRounds "6"]
[EventCountry "ARG"]
[SourceTitle "EXT 2023"]
[Source "ChessBase"]
[SourceDate "2022.10.05"]
[SourceVersion "1"]
[SourceVersionDate "2022.10.05"]
[SourceQuality "1"]

1. d4 Nf6 2. Nf3 d5 3. c4 g6 4. cxd5 Nxd5 5. e4 Nb6 6. Nc3 Bg7 7. Be3 0-0 8. Be2 Nc6 9. h3 e5 10. d5 Ne7 11. 0-0 Kh8 12. Bc5 h6 13. d6 cxd6 14. Qxd6 Nc6 15. Rfd1 Qe8 16. Nb5 Nd4 17. Nfxd4 exd4 18. Nc7 Qxe4 19. Bf3 Qf5 20. Bxb6 axb6 21. Nxa8 Be6 22. Nc7 Kh7 23. Nxe6 fxe6 24. Rxd4 Be5 25. Qxb6 Rf7 26. Rg4 Bc7 27. Qd4 e5 28. Qe4 1-0

[Event "ARG-ch Amateur"]
[Site "Termas de Rio Hondo"]
[Date "2019.11.18"]
[Round "7"]
[White "Abdenur, Luciano"]
[Black "Besso, Javier Alejandro"]
[Result "1/2-1/2"]
[WhiteElo "2058"]
[BlackElo "1920"]
[PlyCount "48"]
[EventDate "2019.11.15"]
[EventType "swiss"]
[EventRounds "7"]
[EventCountry "ARG"]
[SourceTitle "CBM 193 Extra"]
[Source "ChessBase"]
[SourceDate "2020.01.31"]
[SourceVersion "1"]
[SourceVersionDate "2020.01.31"]
[SourceQuality "1"]

1. e4 c5 2. Ne2 d6 3. g3 g6 4. Bg2 Bg7 5. c3 Nc6 6. d4 cxd4 7. cxd4 Nf6 8. Nbc3 0-0 9. 0-0 Bd7 10. b3 Rc8 11. Bb2 a6 12. h3 b5 13. d5 Nb8 14. Nd4 Qb6 15. Nce2 Rc7 16. Kh2 Rfc8 17. f4 Be8 18. g4 h6 19. Ng3 a5 20. Bf3 Na6 21. Qd2 Nb4 22. Bd1 Kh7 23. a3 Na6 24. Nf3 Nc5 1/2-1/2

[Event "ARG-ch Amateur"]
[Site "Termas de Rio Hondo"]
[Date "2019.11.17"]
[Round "5"]
[White "Asprelli, Gaspar"]
[Black "Besso, Javier Alejandro"]
[Result "1/2-1/2"]
[WhiteElo "2012"]
[BlackElo "1920"]
[PlyCount "77"]
[EventDate "2019.11.15"]
[EventType "swiss"]
[EventRounds "7"]
[EventCountry "ARG"]
[SourceTitle "CBM 193 Extra"]
[Source "ChessBase"]
[SourceDate "2020.01.31"]
[SourceVersion "1"]
[SourceVersionDate "2020.01.31"]
[SourceQuality "1"]

1. e4 c5 2. Nf3 d6 3. d4 cxd4 4. Nxd4 Nf6 5. f3 e5 6. Nb3 Be7 7. c4 0-0 8. Be3 Nc6 9. Be2 Be6 10. 0-0 Rc8 11. Nc3 Na5 12. Nxa5 Qxa5 13. Nd5 Bxd5 14. cxd5 a6 15. a3 Qc7 16. Rc1 Qd7 17. Qb3 Rxc1 18. Rxc1 Rc8 19. Rc3 h6 20. Qc2 Rxc3 21. Qxc3 Nh5 22. g3 Qh3 23. Bf2 Qd7 24. b3 Nf6 25. Kg2 Nh7 26. h4 Nf6 27. a4 Nh5 28. Bb6 Bxh4 29. gxh4 Nf4+ 30. Kf2 Qh3 31. Ke1 Qxh4+ 32. Bf2 Qh1+ 33. Kd2 Qg2 34. Ke3 Kh7 35. Qc8 Nh3 36. Qf5+ Kg8 37. Be1 Nf4 38. Qc8+ Kh7 39. Qf5+ 1/2-1/2

[Event "ARG-ch sf U2000/2300 Ruiz Memorial"]
[Site "General Pico"]
[Date "2017.09.03"]
[Round "4.4"]
[White "Besso, Javier Alejandro"]
[Black "Lescano, Tomas"]
[Result "1-0"]
[WhiteElo "1825"]
[BlackElo "1784"]
[PlyCount "37"]
[EventDate "2017.09.02"]
[EventType "swiss"]
[EventRounds "6"]
[EventCountry "ARG"]
[SourceTitle "EXT 2024"]
[Source "ChessBase"]
[SourceDate "2023.10.10"]
[SourceVersion "1"]
[SourceVersionDate "2023.10.10"]
[SourceQuality "1"]

1. d4 Nf6 2. c4 e6 3. Nc3 Bb4 4. f3 d5 5. a3 Be7 6. e4 b6 7. cxd5 exd5 8. e5 Ng8 9. f4 Nh6 10. Nf3 Bb7 11. Bd3 Nd7 12. f5 Ng8 13. 0-0 c5 14. e6 fxe6 15. fxe6 Ndf6 16. Bb5+ Kf8 17. Ne5 Nh6 18. Bxh6 cxd4 19. Qh5 1-0

[Event "ARG-ch sf U2000/2300 Ruiz Memorial"]
[Site "General Pico"]
[Date "2017.09.02"]
[Round "1.3"]
[White "Villa, Paulo Gabriel"]
[Black "Besso, Javier Alejandro"]
[Result "1-0"]
[WhiteElo "1696"]
[BlackElo "1825"]
[PlyCount "93"]
[EventDate "2017.09.02"]
[EventType "swiss"]
[EventRounds "6"]
[EventCountry "ARG"]
[SourceTitle "EXT 2024"]
[Source "ChessBase"]
[SourceDate "2023.10.10"]
[SourceVersion "1"]
[SourceVersionDate "2023.10.10"]
[SourceQuality "1"]

1. d4 Nf6 2. Nf3 d5 3. Bf4 c5 4. e3 Nc6 5. c3 Qb6 6. Qb3 c4 7. Qxb6 axb6 8. Na3 Bf5 9. Nb5 Ra5 10. a4 e6 11. Bc7 Nd7 12. Nd2 Bc2 13. Be2 Bxa4 14. Nd6+ Bxd6 15. Bxd6 Bc2 16. 0-0 f5 17. Rfc1 Ba4 18. f3 Kf7 19. e4 Rha8 20. Nf1 Bb3 21. Rxa5 Rxa5 22. Ne3 g6 23. g4 fxe4 24. fxe4 Nf6 25. Rf1 Kg7 26. exd5 exd5 27. g5 Ne4 28. Bf8+ Kg8 29. Bh6 Ra8 30. Nxd5 b5 31. Nc7 Rd8 32. Bf3 Bc2 33. Bg4 Nd6 34. Be6+ Kh8 35. Bf8 Nf5 36. Bc5 Bd3 37. Re1 b4 38. d5 bxc3 39. bxc3 Nce7 40. d6 Nc6 41. d7 Kg7 42. Ne8+ Kh8 43. Nd6 Nxd6 44. Bxd6 Ra8 45. Bxc4 Rd8 46. Re8+ Kg7 47. Bf8+ 1-0

[Event "ARG-ch sf U2300 Bibl Franklin"]
[Site "San Juan"]
[Date "2016.08.14"]
[Round "4.3"]
[White "Besso, Javier Alejandro"]
[Black "Herrmann, Roman"]
[Result "0-1"]
[WhiteElo "1850"]
[BlackElo "1901"]
[PlyCount "104"]
[EventDate "2016.08.13"]
[EventType "swiss"]
[EventRounds "7"]
[EventCountry "ARG"]
[SourceTitle "EXT 2024"]
[Source "ChessBase"]
[SourceDate "2023.10.10"]
[SourceVersion "1"]
[SourceVersionDate "2023.10.10"]
[SourceQuality "1"]

1. d4 Nf6 2. c4 g6 3. Nc3 Bg7 4. e4 d6 5. f4 0-0 6. Nf3 c6 7. Bd3 a6 8. a4 Nbd7 9. 0-0 e5 10. fxe5 dxe5 11. d5 cxd5 12. cxd5 Ng4 13. Kh1 f5 14. h3 Nh6 15. Bg5 Qb6 16. Qd2 fxe4 17. Nxe4 Nf5 18. g4 Nd6 19. Be7 Nxe4 20. Bxe4 Nc5 21. Qe3 Nxa4 22. Qxb6 Nxb6 23. Bxf8 Bxf8 24. Nxe5 Bg7 25. Nd3 Nc4 26. Ra2 Nd6 27. Bg2 Bd7 28. Re1 Bb5 29. Nc5 Bc4 30. b3 Bb5 31. Re6 Rd8 32. Ne4 Ne8 33. Rd2 Nc7 34. Re7 Ne8 35. Rxb7 Rc8 36. Re7 Kf8 37. Re6 Rc1+ 38. Kh2 Bd7 39. Rf2+ Kg8 40. Re7 Bb5 41. d6 Rd1 42. Re6 Bd7 43. Re7 Bb5 44. Nd2 Nxd6 45. Bd5+ Kh8 46. Ra7 Bh6 47. Ra8+ Ne8 48. Bc4 Bc6 49. Rxe8+ Bxe8 50. Ne4 Bc6 51. g5 Bg7 52. Rd2 Be5+ 0-1

[Event "ARG-ch sf U2000"]
[Site "San Luis"]
[Date "2015.07.25"]
[Round "2"]
[White "Besso, Javier Alejandro"]
[Black "Guardia, Guillermo"]
[Result "0-1"]
[WhiteElo "1882"]
[BlackElo "1881"]
[PlyCount "60"]
[EventDate "2015.07.25"]
[EventType "swiss"]
[EventRounds "6"]
[EventCountry "ARG"]
[SourceTitle "EXT 2024"]
[Source "ChessBase"]
[SourceDate "2023.10.10"]
[SourceVersion "1"]
[SourceVersionDate "2023.10.10"]
[SourceQuality "1"]

1. d4 d5 2. Nf3 Nf6 3. e3 e6 4. Bd3 Bd6 5. b3 Nbd7 6. Bb2 0-0 7. 0-0 Re8 8. Ne5 c5 9. f4 cxd4 10. exd4 Nf8 11. Nd2 Qa5 12. Ndf3 h6 13. Qe2 a6 14. g4 b5 15. g5 hxg5 16. fxg5 Ne4 17. Bxe4 dxe4 18. Qxe4 Ra7 19. Qh4 Bb7 20. Nxf7 Ng6 21. Qh5 Bxf3 22. Qxg6 Bxh2+ 23. Kxh2 Qd2+ 24. Kg3 Qg2+ 25. Kf4 Rxf7+ 26. Qxf7+ Kxf7 27. Rxf3 Kg6 28. Raf1 Qxc2 29. R1f2 Rf8+ 30. Kg4 Qxf2 0-1

[Event "San Luis Province-ch"]
[Site "San Luis"]
[Date "2014.12.20"]
[Round "4.2"]
[White "Besso, Javier Alejandro"]
[Black "Besso, Guadalupe"]
[Result "1/2-1/2"]
[WhiteElo "1853"]
[BlackElo "1989"]
[PlyCount "47"]
[EventDate "2014.12.19"]
[EventType "swiss"]
[EventRounds "6"]
[EventCountry "ARG"]
[SourceTitle "EXT 2024"]
[Source "ChessBase"]
[SourceDate "2023.10.10"]
[SourceVersion "1"]
[SourceVersionDate "2023.10.10"]
[SourceQuality "1"]

1. d4 e6 2. c4 Bb4+ 3. Bd2 Bxd2+ 4. Qxd2 d5 5. Nc3 Nf6 6. g3 0-0 7. cxd5 exd5 8. Bg2 c6 9. Nf3 Nbd7 10. 0-0 b6 11. Rac1 Bb7 12. a3 c5 13. Nh4 cxd4 14. Qxd4 Nc5 15. Rcd1 Nce4 16. Nf5 Nxc3 17. Qxc3 Rc8 18. Qd4 Re8 19. Rfe1 Qc7 20. Qh4 Ne4 21. Ne3 Qe5 22. Bxe4 dxe4 23. Rd2 h6 24. Red1 1/2-1/2